200 Most Famous Cities in United Kingdom (incl. Territories) on a Map - Statistics

General Stats
  • This quiz has been taken 301 times
  • The average score is 100 of 228
Answers on the Map
Answers color-coded by a green-red scale on the quiz's map according to % correct below.
 
Answer Stats
Wiki Monthly Views Cityquiz Mention Rate Population Answers % Correct
950.64K 76.52% 8776.53K London
98%
222.72K 48.58% 506.55K Liverpool
95%
227.05K 55.59% 470.41K Manchester
95%
145.79K 41.30% 384.70K Belfast
94%
252.72K 49.48% 505.31K Edinburgh
94%
182.11K 47.91% 631.69K Glasgow
94%
210.37K 39.29% 1121.41K Birmingham
93%
116.80K 35.26% 348.55K Cardiff
93%
98.80K 29.42% 536.32K Leeds
93%
21.49K 2.20% 0.26K Edinburgh of the Seven Seas
92%
106.59K 25.20% 152.72K Cambridge
91%
114.15K 27.67% 286.47K Newcastle upon Tyne
91%
133.45K 26.69% 425.23K Bristol
89%
119.08K 28.50% 170.80K Oxford
89%
85.16K 20.67% 500.55K Sheffield
89%
92.35K 22.44% 249.60K Southampton
89%
67.82K 22.78% 192.96K Aberdeen
88%
48.08K 20.07% 170.06K Swansea
87%
58.51K 15.56% 85.28K Derry
86%
76.29K 18.13% 299.80K Nottingham
86%
56.67K 20.52% 266.98K Plymouth
86%
23.08K - - Plymouth
86%
101.13K 23.88% 277.11K Brighton and Hove
84%
110.14K 21.39% 406.59K Leicester
84%
49.10K 18.56% 200.75K Norwich
84%
100.59K 29.37% 141.67K York
84%
38.43K 12.90% 147.34K Dundee
83%
56.00K 14.16% 48.25K Inverness
83%
27.46K 20.65% 36.36K Dover
81%
42.09K 14.07% 270.81K Kingston upon Hull
81%
53.57K 17.02% 223.31K Portsmouth
79%
37.92K 10.49% 275.60K Derby
78%
82.49K 13.19% 94.09K Bath
77%
41.07K 11.92% 149.06K Blackpool
77%
55.76K 10.55% 196.44K Bournemouth
77%
435.48K 23.79% 34.00K Gibraltar
77%
34.73K 9.53% 243.51K Northampton
77%
39.45K 7.29% 333.93K Bradford
76%
60.09K 8.65% 344.32K Coventry
76%
32.19K 9.65% 151.56K Ipswich
76%
39.24K 7.14% 233.50K Luton
75%
42.40K 11.24% 234.01K Wolverhampton
74%
42.18K 11.23% 126.16K Exeter
73%
30.01K 7.02% 118.54K Gloucester
73%
52.09K 10.32% 203.81K Reading
72%
42.28K 10.10% 92.74K Chester
71%
23.82K 7.81% 104.56K Lincoln
69%
45.91K 9.19% 260.60K Stoke-on-Trent
69%
21.89K 7.81% 130.90K Newport
68%
37.82K 10.56% 168.28K Sunderland
68%
13.64K 6.57% 105.45K Worcester
68%
58.45K 5.29% 197.35K Milton Keynes
67%
31.59K 7.12% 148.22K Middlesbrough
66%
47.05K 8.42% 55.09K Canterbury
64%
27.02K 5.28% 130.25K Colchester
64%
26.19K 4.91% 26.68K Douglas
64%
24.86K 8.27% 47.89K Perth
63%
22.80K 4.95% 182.29K Southend-on-Sea
63%
23.57K 5.51% 94.51K Preston
62%
22.19K 5.77% 184.07K Bolton
61%
22.14K 7.10% 52.66K Lancaster
61%
28.32K 5.76% 190.58K Peterborough
61%
19.78K 5.72% 124.98K Blackburn
59%
55.59K 5.87% 48.48K Winchester
58%
25.74K 6.47% 77.73K Carlisle
57%
26.66K 4.64% 87.46K Doncaster
57%
30.29K 6.12% 50.52K Durham
57%
24.49K 4.23% 141.69K Huddersfield
56%
26.64K 5.13% 183.64K Swindon
55%
34.34K 7.84% 131.33K Watford
54%
14.75K 2.77% 140.98K Poole
53%
22.92K 3.61% 44.79K Wrexham
53%
19.44K 3.70% 85.91K Grimsby
52%
17.44K 3.96% 81.56K Wigan
52%
27.24K 4.78% 91.48K Hastings
51%
34.67K 4.37% 47.69K Salisbury
51%
27.07K 4.28% 166.88K Slough
51%
24.30K 4.44% 38.59K Stirling
51%
13.03K 0.01% 16.99K Bangor
50%
8.39K 4.16% 64.60K Bangor
50%
24.00K 7.27% 2.63K Stanley
50%
17.28K 6.67% 45.34K Boston
49%
14.45K 2.51% 110.72K Oldham
49%
7.40K 2.88% 76.40K Chesterfield
48%
22.10K 2.38% 99.19K Eastbourne
48%
17.99K 3.97% 23.05K Truro
47%
19.03K 3.17% 108.41K Salford
46%
20.45K 2.34% 117.94K Stockport
46%
12.07K 1.52% 156.90K Telford
46%
21.31K 2.13% 174.95K Warrington
46%
15.01K 1.33% 109.85K Birkenhead
45%
16.56K 2.42% 110.61K Chelmsford
45%
22.44K 3.18% 60.48K Hereford
45%
12.33K 2.25% 7.39K Kirkwall
45%
24.17K 2.58% 75.54K St Albans
45%
17.48K 1.38% 84.63K Weston-super-Mare
45%
65.04K 0.83% 0.93K Akrotiri
44%
17.85K 2.72% 83.52K High Wycombe
44%
15.04K 2.94% 71.54K Rotherham
44%
22.26K 1.80% 35.82K St Helier
44%
25.61K 2.83% 115.96K Cheltenham
43%
13.62K 1.96% 87.98K Hartlepool
43%
13.41K 1.72% 109.49K Maidstone
43%
15.80K 3.25% 36.66K Warwick
43%
17.89K 3.25% 97.24K Bedford
42%
13.26K 1.74% 93.04K Darlington
42%
26.75K 7.93% 0.85K Hamilton
42%
19.42K 1.86% 75.67K Woking
42%
16.93K 2.06% 120.55K Crawley
41%
13.25K 1.22% 115.32K Gateshead
41%
11.71K 1.60% 107.68K St Helens
41%
13.90K 1.63% 97.85K Wakefield
41%
34.69K 3.32% 31.56K Windsor
41%
24.19K 5.85% 78.27K Burnley
39%
9.26K 2.86% 81.10K Bury
39%
13.73K 0.72% 41.29K Bury St Edmunds
39%
10.87K 1.34% 64.28K Dudley
39%
6.79K 1.70% 108.48K Gillingham
39%
10.12K 1.04% 19.68K Saint Peter Port
39%
26.00K 2.94% 75.99K Shrewsbury
39%
17.00K 2.92% 103.11K West Bromwich
39%
13.49K 1.69% 111.26K Rochdale
38%
11.37K 1.22% 111.62K Worthing
38%
31.10K 2.78% 88.11K Halifax
37%
6.82K 2.70% 14.30K Buckingham
36%
12.48K 0.92% 115.96K Basildon
35%
17.67K 1.70% 6.71K Lerwick
35%
7.57K 1.57% 51.45K Lisburn
35%
46.57K 4.07% 28.13K Stratford-upon-Avon
35%
11.57K 2.26% 16.31K Armagh
34%
10.85K 2.12% 34.63K Falkirk
33%
10.21K 1.74% 71.67K Stafford
33%
23.57K 2.63% 16.46K St Andrews
33%
23.75K 2.93% 52.04K Torquay
33%
17.60K 1.17% 107.73K Solihull
32%
15.80K 2.07% 94.42K Southport
32%
13.25K 1.55% 4.58K Stornoway
32%
13.97K 2.89% 71.42K Barnsley
31%
12.53K 1.79% 28.98K Great Yarmouth
31%
14.23K 2.98% 14.96K Penzance
31%
20.38K 2.76% 59.50K Scarborough
31%
18.56K 2.65% 14.65K Aberystwyth
30%
11.01K 3.68% 46.18K Ayr
30%
17.81K 1.47% 79.37K Paisley
30%
11.77K 2.85% 67.27K Rochester
30%
13.00K 2.03% 19.19K Ely
29%
16.67K 1.82% 75.51K Harrogate
29%
14.28K 0.76% 87.97K Aylesbury
28%
13.92K 0.76% 95.96K Hemel Hempstead
28%
9.58K 1.49% 82.16K Ashford
27%
16.01K 2.77% 55.25K Barrow-in-Furness
27%
14.49K 1.45% 117.21K Basingstoke
27%
18.14K 2.21% 31.73K Chichester
27%
14.42K 1.71% 63.32K Margate
27%
11.99K 1.67% 32.76K Morecambe
27%
13.20K 2.19% 5.41K St Ives
27%
19.34K 2.25% 13.17K Berwick-upon-Tweed
26%
12.64K 1.89% 74.12K Crewe
26%
14.16K 3.28% 33.68K Dumfries
26%
10.88K 2.55% 81.29K Scunthorpe
26%
15.19K 1.67% 47.61K King's Lynn
25%
8.87K 1.62% 1.35K St Davids
25%
12.79K 2.01% 70.78K Walsall
25%
14.08K 1.06% 56.03K Dunfermline
24%
14.21K 4.95% 0.62K Jamestown
24%
21.61K 1.86% 94.46K Stevenage
24%
16.61K 2.31% 5.76K Fort William
23%
12.48K 1.23% 67.37K Maidenhead
23%
10.68K 1.86% 55.54K Weymouth
23%
7.43K 1.77% 11.76K Holyhead
22%
10.11K 2.03% 47.06K Kilmarnock
22%
10.16K 1.38% 64.88K Loughborough
22%
13.32K 1.71% 78.12K Rugby
22%
12.45K 1.47% 61.67K Taunton
22%
8.51K 1.98% 50.18K Yeovil
22%
13.06K 0.40% 76.27K Burton upon Trent
21%
9.67K 1.64% 24.07K Falmouth
21%
12.28K 1.61% 51.99K Folkestone
21%
26.03K 1.37% 8.30K Glastonbury
21%
25.97K 1.64% 77.85K Guildford
21%
11.05K 1.43% 54.34K Macclesfield
21%
7.58K 1.73% 24.55K Newquay
21%
17.63K 1.13% 12.60K Whitby
21%
17.64K 1.10% 51.32K Leamington Spa
19%
13.87K 0.85% 73.33K South Shields
19%
16.19K 3.23% 34.92K George Town
18%
6.42K - 0.45K Georgetown
18%
10.36K 0.77% 32.58K Lichfield
18%
7.63K 1.62% 55.84K Livingston
18%
8.68K 1.52% 21.37K Dorchester
17%
14.52K 0.74% 93.57K Harlow
17%
11.28K 3.36% 51.31K Washington
17%
12.50K 1.50% 12.11K Wells
17%
13.13K 0.74% 44.90K Grantham
16%
11.75K 0.52% 58.10K Gravesend
16%
11.11K 1.31% 63.14K Kettering
16%
11.66K 1.25% 14.71K Llandudno
16%
11.21K 0.76% 42.27K Newbury
16%
18.14K 3.44% 0.05K Adamstown
15%
10.94K 0.76% 68.41K Bognor Regis
15%
12.71K 1.13% 69.13K Dartford
15%
12.88K 0.54% 8.00K Oban
15%
10.95K 0.76% 39.81K Aldershot
14%
106.30K 1.08% 2.91K Llanfairpwllgwyngyll
14%
7.40K 2.78% 6.33K Road Town
14%
14.27K 0.72% 51.23K Tunbridge Wells
14%
11.14K 0.70% 52.05K Banbury
13%
11.57K 0.92% 17.73K Cirencester
13%
14.69K 0.30% 20.17K Goole
13%
10.33K 0.58% 42.87K Greenock
13%
14.61K - 3.40K Gretna Green
13%
15.31K 0.54% 81.64K Redditch
13%
11.27K 0.67% 76.09K Tamworth
13%
11.80K 0.96% 31.20K Ballymena
12%
6.59K 3.02% 0.13K Cockburn Town
12%
15.41K 0.67% 35.85K Epsom
12%
10.82K 0.77% 16.07K Lewes
12%
37.64K 0.33% 0.60K Sark
12%
15.28K 0.49% 51.52K Welwyn Garden City
12%
9.47K 1.48% 0.02K King Edward Point/Grytviken
11%
5.67K 2.42% 1.30K The Valley
11%
10.87K 0.38% 33.17K Abingdon-on-Thames
9%
5.67K 1.98% 0.39K Brades
6%
20.34K - - Portmeirion
5%
17.68K - 4.10K Poundbury
3%
10.24K - 0.77K Longwood
2%
17.79K - 0.50K Port Isaac
2%
8.01K - 32.12K Providenciales
2%
No matching quizzes found
Score Distribution
Percent of People with Each Score
Percentile by Number Answered
Your Score History
You have not taken this quiz